| 000 | 01444nam2a2200289 4500 | ||
|---|---|---|---|
| 001 | RU\NLR\bibl\1658411 | ||
| 005 | 20260405101514.0 | ||
| 010 |
_a978-5-9539-4585-1 _920000 |
||
| 021 |
_aRU _b2010-47814 _93174 |
||
| 035 | _a(NLR Aleph) 001649709 | ||
| 090 |
_a913956 _c913955 |
||
| 100 | _a20100726d2010 |||y0rusy50 ca | ||
| 101 | 1 |
_arus _cita |
|
| 102 | _aRU | ||
| 105 | _aa ||||||||| | ||
| 200 | 1 |
_aКаменный великан _f[пер. с итал. Елены Дмитриевой] |
|
| 210 |
_d2010 _aБ. м. |
||
| 215 |
_a95 с. _cцв. ил. |
||
| 300 | _aНазв. на яз. ориг.: Un gigante di pietra | ||
| 454 | 0 |
_12001#$aUn gigante di pietra _tUn gigante di pietra |
|
| 461 | 0 |
_1001RU\NLR\bibl\1660295 _12001#$aСекрет потерянного королевства$v[Ч.] 4 _9925219 _cМосква _d2010 _fпер. с итал. Елены Сайгафаровой] _nЭгмонт Россия Лтд. _oпо мультфильму Иджинио Страффи : [для детей среднего и старшего школьного возраста : в 10 ч. _tСекрет потерянного королевства _y978-5-9539-4590-5 _v[Ч.] 4 |
|
| 702 | 1 |
_4730 _7ca _8rus _aДмитриева _bЕ. А. _cписатель _f1964- _gЕлена Анатольевна _920407 _3RU\NLR\auth\7737418 |
|
| 801 | 0 |
_aRU _bNLR _c20100726 _gRCR |
|
| 801 | 1 |
_aRU _bNLR _c20100726 |
|
| 942 | _cBOOK | ||
| 980 | _aNB | ||